| 000 | 00391 a2200121 4500 | ||
|---|---|---|---|
| 001 | ART_45821 | ||
| 005 | 20260410161721.0 | ||
| 008 | 260409a | ||
| 245 | 1 | 0 | _aAnálisis del riesgo en el desempeño laboral |
| 100 | 1 | _aSanchez Henriquez, Jorge | |
| 700 | 1 | _aRamírez Madrid, Karen Viviana | |
| 773 | 0 |
_tContabilidad y auditoría _g- Año 23, Nº 46 (dic. 2017) _wREV1723 |
|
| 999 |
_c17001 _d17001 |
||